Catálogo

Radiología en el niño y en el recién nacido / (Registro nro. 41523)

Detalles MARC
000 -LEADER
fixed length control field 01788cam a2200409 i 4500
001 - CONTROL NUMBER
control field 41523
003 - CONTROL NUMBER IDENTIFIER
control field Mx-PuUPA
005 - DATE AND TIME OF LATEST TRANSACTION
control field 20250213103029.0
008 - FIXED-LENGTH DATA ELEMENTS--GENERAL INFORMATION
fixed length control field 140415s2005 sp a gr 000 0 spa d
017 ## - COPYRIGHT OR LEGAL DEPOSIT NUMBER
Copyright or legal deposit number M-15.953-2005
020 ## - INTERNATIONAL STANDARD BOOK NUMBER
International Standard Book Number 8471014734
Qualifying information obra completa
020 ## - INTERNATIONAL STANDARD BOOK NUMBER
International Standard Book Number 8471014718
Qualifying information v.1
020 ## - INTERNATIONAL STANDARD BOOK NUMBER
International Standard Book Number 8471014726
Qualifying information v.2
040 ## - CATALOGING SOURCE
Original cataloging agency Mx-PuUPA
Language of cataloging spa
Transcribing agency Mx-PuUPA
Modifying agency Mx-PuUPA
Description conventions rda
041 1# - LANGUAGE CODE
Language code of text/sound track or separate title spa
Language code of original eng
100 1# - MAIN ENTRY--PERSONAL NAME
Personal name Swischuk, Leonard E.,
Dates associated with a name 1937-
9 (RLIN) 16726
Relator term autor
240 10 - UNIFORM TITLE
Uniform title Imaging of the newborn, infant, and young child.
Language of a work Español
245 10 - TITLE STATEMENT
Title Radiología en el niño y en el recién nacido /
Statement of responsibility, etc. Leonard E. Swischuk ; traducción a cargo de E. Arana Fernández de Moya [y otros tres]
264 #1 - PRODUCTION, PUBLICATION, DISTRIBUTION, MANUFACTURE, AND COPYRIGHT NOTICE
Place of production, publication, distribution, manufacture Madrid, España :
Name of producer, publisher, distributor, manufacturer Marbán Libros,
Date of production, publication, distribution, manufacture, or copyright notice ©2005
300 ## - PHYSICAL DESCRIPTION
Extent 2 volúmenes (paginación varía) :
Other physical details ilustraciones (en blanco y negro) ;
Dimensions 29 cm
336 ## - CONTENT TYPE
Fuente rdacontent
Content type term texto
Content type code txt
336 ## - CONTENT TYPE
Fuente rdacontent
Content type term imagen fija
Content type code sti
337 ## - MEDIA TYPE
Source rdamedia
Media type term sin medio
Media type code n
338 ## - CARRIER TYPE
Source rdacarrier
Carrier type term volumen
Carrier type code nc
650 #7 - SUBJECT ADDED ENTRY--TOPICAL TERM
9 (RLIN) 13986
Source of heading or term armarc
Topical term or geographic name entry element Niños
General subdivision Radiografía pediátrica
650 #7 - SUBJECT ADDED ENTRY--TOPICAL TERM
Source of heading or term armarc
Topical term or geographic name entry element Diagnóstico por imagen
General subdivision Pediatría
650 #7 - SUBJECT ADDED ENTRY--TOPICAL TERM
Source of heading or term armarc
Topical term or geographic name entry element Radiología pediátrica
650 #7 - SUBJECT ADDED ENTRY--TOPICAL TERM
Source of heading or term armarc
Topical term or geographic name entry element Niños recien nacidos
General subdivision Enfermedades
-- Diagnóstico
650 #7 - SUBJECT ADDED ENTRY--TOPICAL TERM
Source of heading or term armarc
Topical term or geographic name entry element Niños prematuros
General subdivision Enfermedades
-- Diagnostico
700 1# - ADDED ENTRY--PERSONAL NAME
Personal name Fernández de Moya, Arana,
Relator term traductor
765 0# - ORIGINAL LANGUAGE ENTRY
Main entry heading Swischuk, Leonard E., 1937-
Place, publisher, and date of publication Philadelphia, PA : Lippincott Williams & Wilkins, [Año de publicación no identificada]
Title Imaging of the newborn, infant, and young child.
942 ## - ADDED ENTRY ELEMENTS (KOHA)
Source of classification or shelving scheme Dewey Decimal Classification
Koha item type Libro
Classification part 618.9201
Item part S76
Existencias
Withdrawn status Lost status Source of classification or shelving scheme Damaged status Not for loan Collection code Home library Current library Shelving location Date acquired Source of acquisition Serial Enumeration / chronology Total Checkouts Full call number Barcode Date last seen Price effective from Koha item type
    Dewey Decimal Classification     General Biblioteca Karol Wojtyla Biblioteca Karol Wojtyla Sala general 03/12/2013 Donación v.2   618.9201 S76 2005 62610 05/01/2026 03/12/2013 Libro
    Dewey Decimal Classification     General Biblioteca Karol Wojtyla Biblioteca Karol Wojtyla Sala general 03/12/2013 Donación v.1   618.9201 S76 2005 62609 05/01/2026 03/12/2013 Libro